| 000 | 00795nam a2200205 a 4500 | ||
|---|---|---|---|
| 003 | 0 | ||
| 005 | 20250311155716.0 | ||
| 008 | 080728s19uu xx 00 eng d | ||
| 050 |
_aPGS BF 723.S3 _b.N218 2008 |
||
| 100 | _aNarabal, Christian. | ||
| 245 |
_aIndicators of self-esteem among old and transferee students in the middle school / _cChristian Narabal |
||
| 260 |
_aLas PiƱas City, Philippines : _bSouthville International School and Colleges, _c2008. |
||
| 300 |
_a26 pages : _billustrations ; _c28 cm. |
||
| 504 | _aIncludes bibliographical references. | ||
| 650 | _aSelf-esteem in adolescence. | ||
| 650 | _aSelf-perception in children. | ||
| 650 |
_aTransfer students _vPsychological aspects. |
||
| 650 |
_aSchool adjustment _vMiddle school students. |
||
| 942 |
_2lcc _cPASS |
||
| 999 |
_c97958 _d97958 |
||